[Event "7th Iberoamerican-ch 2019"]
[Site "Linares"]
[Date "2019.08.11"]
[Round "2.3"]
[White "Delgado Ramirez, Neuris"]
[Black "Cori T., Deysi"]
[Result "1-0"]
[WhiteElo "2605"]
[BlackElo "2405"]
[Annotator "TA"]
[PlyCount "73"]
[EventDate "2019.08.10"]
[EventType "swiss"]
[EventCountry "ESP"]
[SourceTitle "playchess.com"]
[Source "ChessBase"]
[SourceQuality "1"]

{[%evp 9,73,0,44,46,59,47,38,43,47,52,50,62,87,78,75,79,84,59,63,55,94,91,91,29,100,78,101,100,105,116,117,116,115,111,106,102,110,72,130,130,133,136,166,162,145,122,175,142,141,141,147,155,153,150,160,159,640,601,647,646,622,637,611,629,832,796]} 1. e4 e5 2. Nf3 Nf6 3. Nc3 Nc6 4. Be2 Bb4 5. Nd5 Ba5 6. c3 {C47: Scotch Four Knights and Four Knights with 4 g3} O-O 7. O-O d6 8. a4 {White is slightly better.} Bb6 9. d3 h6 10. b4 $146 {[%cal Bb2b4,Bb4b5][%mdl 32] aiming for a5.} ({Predecessor:} 10. Nd2 Be6 11. Bf3 a6 12. Nxb6 cxb6 {½-½ (32) Grischuk,A (2764)-Karjakin,S (2786) Moscow 2013}) 10... a5 11. Nxb6 cxb6 12. b5 Ne7 13. Nd2 Ng6 14. Ba3 Qc7 15. g3 Rd8 16. Bf3 (16. c4 $16) 16... Nf8 ({Much worse is} 16... Qxc3 $6 17. Nc4 $16) (16... d5 $11) 17. Rc1 $16 Bh3 18. Re1 $1 Rac8 19. Nc4 Ne6 20. Ne3 Qd7 21. Bh1 Nc5 22. f4 h5 23. Bb2 Be6 {[#]} (23... Bg4 $142 24. Nxg4 hxg4) 24. c4 $1 Bg4 25. Qc2 Re8 26. Rf1 Bh3 27. Rf3 d5 (27... Ne6 $16 {was necessary.}) 28. fxe5 dxe4 29. Rxf6 $1 exd3 {[#]} 30. Qd1 $1 {And now Rd6 would win.} gxf6 31. Qxh5 d2 32. Rd1 $40 {[%mdl 128] Hoping for Bd5. White is out for blood.} fxe5 $2 ({Not} 32... Nxa4 $2 33. Be4 $18) (32... Qd3 $16 33. Nd5 {[%mdl 64] Double Attack} Re6) 33. Qg5+ {White is clearly winning.} Kf8 34. Qh6+ Kg8 35. Nd5 {[%cal Rd5f6]} Re6 36. Qxh3 Qd8 37. Qg4+ {Accuracy: White = 83%, Black = 40%.} 1-0

[Event "7th Iberoamerican-ch 2019"]
[Site "Linares"]
[Date "2019.08.11"]
[Round "2.4"]
[White "Damaso, Rui"]
[Black "Flores, Diego"]
[Result "1/2-1/2"]
[WhiteElo "2425"]
[BlackElo "2600"]
[Annotator "TA"]
[PlyCount "85"]
[EventDate "2019.08.10"]
[EventType "swiss"]
[EventCountry "ESP"]
[SourceTitle "playchess.com"]
[Source "ChessBase"]
[SourceQuality "1"]

{[%evp 9,85,13,14,4,20,-30,-29,-41,-41,-31,-39,-42,-34,-40,-39,-38,-7,-6,-11,-8,-10,-9,-7,-79,-76,-82,-35,-51,-58,-39,45,40,33,52,48,37,67,90,439,430,438,447,430,437,437,417,373,220,309,131,132,132,132,132,132,132,132,132,219,212,219,219,219,219,220,210,210,210,210,210,211,210,210,211,211,0,218,0]} 1. d4 d5 2. c4 e6 3. Nc3 c6 4. Nf3 dxc4 5. Bg5 Be7 6. Bxe7 {D31: Queen's Gambit Declined: Semi-Slav without ...Nf6 (+ Marshall Gambit and Noteboom) and Exchange Variation lines without ...Nf6} Nxe7 7. e4 b5 8. a4 {Black has an edge.} Bb7 9. axb5 cxb5 10. Nxb5 Bxe4 11. Bxc4 O-O $146 ({Predecessor:} 11... Nbc6 12. O-O Bxf3 13. Qxf3 O-O {½-½ (21) Albano,A (2278)-Tanti,J (2169) ICCF email 2015}) 12. O-O Nbc6 13. Ne5 $1 a6 14. Nc3 Nxe5 15. dxe5 Bb7 16. Qh5 {[#]} (16. Qxd8 $11 Rfxd8 17. f3) 16... Ng6 $1 $17 17. Rfd1 Qc7 18. Bd3 Bxg2 {...Rab8 is the strong threat.} 19. Ra4 $1 Qb7 {[#]} (19... Bc6 $15 20. Rh4 h6 21. Bxg6 fxg6 22. Qxg6 Qxe5 23. Rxh6 Rxf2 24. Qh7+ Kf7 25. Qg6+ Ke7 26. Qxe6+ Qxe6 27. Rxe6+ Kxe6 28. Kxf2 Rb8) 20. Rh4 $1 $14 {[%csl Gh4][%cal Rh5h7][%mdl 512]} h6 $1 {Strongly threatening ...Bf3.} (20... Nxh4 21. Qxh7#) 21. Bxg6 fxg6 22. Qxg6 $40 {[%mdl 192] aiming for Rxh6. Double Attack. Black needs to defend precisely.} Bf3 23. Rxh6 $1 Rf4 $2 {[%mdl 8192] [#]} (23... Rf5 $16 {is tougher.}) 24. Rd4 $1 $18 {[%cal Rd4f4]} ({Stronger than} 24. Qxe6+ Qf7 $17) 24... Rxd4 25. Qxe6+ Qf7 {[#]} 26. Rh8+ $1 {[%mdl 576] Deflection} Kxh8 27. Qxf7 Bc6 28. h3 (28. e6 $142) 28... Re8 (28... Rh4 $142 29. Kh2 Rh6) 29. Qh5+ (29. f4 $18) 29... Kg8 $16 30. Qg6 Bd7 31. Ne4 ({Resist} 31. Qxa6 Rxe5 32. f3 Rf5 $14) 31... Rxe5 32. Ng5 Rxg5+ 33. Qxg5 {[%mdl 4096] Endgame KQ-KRB} Bb5 (33... Bxh3 $16 {might work better.} 34. Qc5 Rg4+ 35. Kh2 Rh4) 34. Qc5 Rc4 35. Qd5+ Kh8 36. Kh2 Rc6 37. b3 Rf6 38. Qa8+ Kh7 39. Qe4+ Kh8 40. f4 Rh6 41. Qa8+ Kh7 42. Qe4+ Kh8 $1 43. Qa8+ $2 {Accuracy: White = 55%, Black = 59%.} (43. Qd5 $18) 1/2-1/2

[Event "7th Iberoamerican-ch 2019"]
[Site "Linares"]
[Date "2019.08.11"]
[Round "2.5"]
[White "Plazuelo Pascual, Juan"]
[Black "Lopez Martinez, Josep Manuel"]
[Result "1-0"]
[WhiteElo "2403"]
[BlackElo "2581"]
[Annotator "ChessBase"]
[PlyCount "171"]
[EventDate "2019.08.10"]
[EventType "swiss"]
[EventCountry "ESP"]
[SourceTitle "playchess.com"]
[Source "ChessBase"]
[SourceQuality "1"]
[TimeControl "5400+30"]

1. d4 {[%emt 0:00:00]} Nf6 {[%emt 0:00:18]} 2. c4 {[%emt 0:00:00]} e6 {[%emt 0:00:19]} 3. Nf3 {[%emt 0:00:03]} c5 {[%emt 0:00:40]} 4. d5 {[%emt 0:00:39]} d6 {[%emt 0:00:31]} 5. Nc3 {[%emt 0:00:41]} exd5 {[%emt 0:00:38]} 6. cxd5 {[%emt 0:00:13]} a6 {[%emt 0:00:37]} 7. e4 {[%emt 0:04:06]} Bg4 {[%emt 0:00:59]} 8. Be2 {[%emt 0:03:05]} Nbd7 {[%emt 0:04:28]} 9. Nd2 {[%emt 0:03:11]} Bxe2 {[%emt 0:03:36]} 10. Qxe2 {[%emt 0:00:09]} b5 {[%emt 0:04:57]} 11. a4 {[%emt 0:11:25]} b4 {[%emt 0:02:53]} 12. Nd1 {[%emt 0:00:37]} Be7 {[%emt 0:02:17]} 13. O-O {[%emt 0:05:31]} O-O {[%emt 0:00:47]} 14. Nc4 {[%emt 0:03:09]} Re8 {[%emt 0:03:33]} 15. Qd3 {[%emt 0:02:03]} Bf8 {[%emt 0:05:31]} 16. f3 {[%emt 0:01:33]} g6 {[%emt 0:00:26]} 17. Bg5 {[%emt 0:09:06]} Ne5 {[%emt 0:05:20]} 18. Nxe5 {[%emt 0:02:05]} Rxe5 {[%emt 0:00:14]} 19. f4 {[%emt 0:13:25]} Rxg5 {[%emt 0:01:56]} 20. fxg5 {[%emt 0:00:09]} Nd7 {[%emt 0:00:27]} 21. Qg3 {[%emt 0:00:52]} Qe7 {[%emt 0:01:05]} 22. Ne3 {[%emt 0:03:45]} Bg7 {[%emt 0:05:43]} 23. Rab1 {[%emt 0:10:13]} Qxe4 {[%emt 0:13:44]} 24. Ng4 {[%emt 0:01:07]} Ne5 {[%emt 0:03:13]} 25. Nf6+ {[%emt 0:02:27]} Bxf6 {[%emt 0:00:47]} 26. gxf6 {[%emt 0:00:04]} h6 {[%emt 0:06:15]} 27. Rbd1 {[%emt 0:01:23]} c4 {[%emt 0:04:35]} 28. Rd2 {[%emt 0:03:58]} Kh7 {[%emt 0:07:14]} 29. Re1 {[%emt 0:03:17]} Qf5 {[%emt 0:00:32]} 30. Rf1 {[%emt 0:00:13]} Qg5 {[%emt 0:00:51]} 31. Qxg5 {[%emt 0:02:11]} hxg5 {[%emt 0:00:07]} 32. Rd4 {[%emt 0:00:19]} a5 {[%emt 0:00:21]} 33. g4 {[%emt 0:03:43]} Rc8 {[%emt 0:00:51]} 34. Kg2 {[%emt 0:00:42]} c3 {[%emt 0:00:25]} 35. bxc3 {[%emt 0:00:54]} Rxc3 {[%emt 0:00:08]} 36. Rb1 {[%emt 0:05:25]} Ra3 {[%emt 0:07:16]} 37. Re4 {[%emt 0:00:07]} Rxa4 {[%emt 0:04:54]} 38. Rxe5 {[%emt 0:05:50]} dxe5 {[%emt 0:00:07]} 39. Kf3 {[%emt 0:00:01]} Kg8 {[%emt 0:02:25]} 40. Ke4 {[%emt 0:00:17]} b3+ {[%emt 0:02:47]} 41. Kxe5 {[%emt 0:00:32]} Rb4 {[%emt 0:00:12]} 42. d6 {[%emt 0:00:26]} Rb5+ {[%emt 0:00:08]} 43. Kd4 {[%emt 0:00:47]} Rb8 {[%emt 0:01:33]} 44. Kc5 {[%emt 0:00:47]} a4 {[%emt 0:00:45]} 45. d7 {[%emt 0:00:06]} Kh7 {[%emt 0:01:50]} 46. Kc6 {[%emt 0:00:24]} Ra8 {[%emt 0:01:25]} 47. Kc7 {[%emt 0:01:00]} a3 {[%emt 0:00:47]} 48. Rxb3 {[%emt 0:00:03]} a2 {[%emt 0:00:06]} 49. Rh3+ {[%emt 0:00:02]} Kg8 {[%emt 0:01:12]} 50. Ra3 {[%emt 0:00:04]} Rxa3 {[%emt 0:00:27]} 51. d8=Q+ {[%emt 0:00:05]} Kh7 {[%emt 0:00:06]} 52. Qf8 {[%emt 0:00:29]} Ra7+ {[%emt 0:00:04]} 53. Kb6 {[%emt 0:03:08]} Ra6+ {[%emt 0:00:09]} 54. Kb5 {[%emt 0:00:08]} Rxf6 {[%emt 0:00:07]} 55. Qa3 {[%emt 0:00:17]} Rf2 {[%emt 0:00:37]} 56. Qa7 {[%emt 0:00:37]} Rb2+ {[%emt 0:01:43]} 57. Kc4 {[%emt 0:00:03]} Kg8 {[%emt 0:00:56]} 58. h3 {[%emt 0:00:05]} Rc2+ {[%emt 0:00:33]} 59. Kd3 {[%emt 0:01:04]} Rh2 {[%emt 0:00:54]} 60. Ke4 {[%emt 0:00:12]} Rxh3 {[%emt 0:00:51]} 61. Qxa2 {[%emt 0:00:32]} Rg3 {[%emt 0:01:18]} 62. Ke5 {[%emt 0:01:23]} Kg7 {[%emt 0:00:52]} 63. Qe2 {[%emt 0:00:34]} Rb3 {[%emt 0:00:19]} 64. Kd6 {[%emt 0:00:09]} Rb6+ {[%emt 0:00:20]} 65. Kd5 {[%emt 0:00:13]} Re6 {[%emt 0:00:45]} 66. Qb2+ {[%emt 0:00:03]} Kh7 {[%emt 0:00:21]} 67. Qb8 {[%emt 0:00:22]} Kg7 {[%emt 0:00:16]} 68. Qc8 {[%emt 0:00:07]} Re2 {[%emt 0:00:36]} 69. Qc3+ {[%emt 0:00:08]} Kg8 {[%emt 0:00:20]} 70. Qc1 {[%emt 0:00:41]} Re8 {[%emt 0:00:38]} 71. Qxg5 {[%emt 0:00:24]} Re2 {[%emt 0:00:12]} 72. Qc1 {[%emt 0:00:20]} Re8 {[%emt 0:00:08]} 73. Qc3 {[%emt 0:00:45]} Re2 {[%emt 0:00:19]} 74. g5 {[%emt 0:00:37]} Re8 {[%emt 0:00:17]} 75. Kd6 {[%emt 0:00:32]} Re6+ {[%emt 0:00:10]} 76. Kd7 {[%emt 0:00:06]} Re4 {[%emt 0:00:56]} 77. Qb3 {[%emt 0:00:35]} Re2 {[%emt 0:00:33]} 78. Kd6 {[%emt 0:00:15]} Kg7 {[%emt 0:00:33]} 79. Qc4 {[%emt 0:00:20]} Re8 {[%emt 0:01:40]} 80. Kd7 {[%emt 0:00:03]} Ra8 {[%emt 0:00:41]} 81. Qd4+ {[%emt 0:00:04]} Kg8 {[%emt 0:00:04]} 82. Ke7 {[%emt 0:00:22]} Rc8 {[%emt 0:00:57]} 83. Qf4 {[%emt 0:01:35]} Rf8 {[%emt 0:00:31]} 84. Qf6 {[%emt 0:00:08]} Ra8 {[%emt 0:00:25]} 85. Qxf7+ {[%emt 0:00:14]} Kh8 {[%emt 0:00:01]} 86. Qf8+ {Kg8} 1-0

[Event "7th Iberoamerican-ch 2019"]
[Site "Linares"]
[Date "2019.08.11"]
[Round "2.6"]
[White "Lopez Mulet, Inigo"]
[Black "Albornoz Cabrera, Carlos Daniel"]
[Result "0-1"]
[WhiteElo "2378"]
[BlackElo "2566"]
[Annotator "ChessBase"]
[PlyCount "106"]
[EventDate "2019.08.10"]
[EventType "swiss"]
[EventCountry "ESP"]
[SourceTitle "playchess.com"]
[Source "ChessBase"]
[SourceQuality "1"]
[TimeControl "5400+30"]

1. d4 {[%emt 0:00:00]} Nf6 {[%emt 0:00:00]} 2. c4 {[%emt 0:00:00]} g6 {[%emt 0:00:00]} 3. g3 {[%emt 0:00:05]} Bg7 {[%emt 0:00:00]} 4. Bg2 {[%emt 0:00:04]} O-O {[%emt 0:00:00]} 5. Nc3 {[%emt 0:00:10]} d6 {[%emt 0:00:00]} 6. Nf3 {[%emt 0:00:10]} Nbd7 {[%emt 0:00:01]} 7. O-O {[%emt 0:00:29]} e5 {[%emt 0:00:05]} 8. e4 {[%emt 0:00:56]} exd4 {[%emt 0:00:07]} 9. Nxd4 {[%emt 0:00:06]} Re8 {[%emt 0:00:04]} 10. Re1 {[%emt 0:08:11]} a6 {[%emt 0:01:24]} 11. Bf4 {[%emt 0:09:41]} Rb8 {[%emt 0:06:35]} 12. a4 {[%emt 0:04:20]} Ne5 {[%emt 0:03:57]} 13. b3 {[%emt 0:01:51]} Nh5 {[%emt 0:02:05]} 14. Bc1 {[%emt 0:13:18]} Bg4 {[%emt 0:02:08]} 15. Qd2 {[%emt 0:03:41]} c5 {[%emt 0:01:28]} 16. Nc2 {[%emt 0:04:26]} Nf3+ {[%emt 0:10:19]} 17. Bxf3 {[%emt 0:00:08]} Bxf3 {[%emt 0:00:02]} 18. Qd3 {[%emt 0:05:41]} Bxc3 {[%emt 0:01:53]} 19. Qxc3 {[%emt 0:00:26]} Bxe4 {[%emt 0:05:12]} 20. Bb2 {[%emt 0:00:19]} f6 {[%emt 0:00:19]} 21. Ne3 {[%emt 0:03:14]} Qd7 {[%emt 0:06:16]} 22. g4 {[%emt 0:09:10]} Re5 {[%emt 0:04:53]} 23. Qd2 {[%emt 0:15:18]} Rg5 {[%emt 0:03:48]} 24. h3 {[%emt 0:00:35]} Nf4 {[%emt 0:01:13]} 25. f3 {[%emt 0:10:04]} Bxf3 {[%emt 0:07:30]} 26. Rf1 {[%emt 0:00:52]} Ne2+ {[%emt 0:36:34]} 27. Kh2 {[%emt 0:00:12]} Nd4 {[%emt 0:01:13]} 28. Bxd4 {[%emt 0:00:40]} cxd4 {[%emt 0:00:01]} 29. Qxd4 {[%emt 0:00:58]} Bc6 {[%emt 0:00:02]} 30. Rxf6 {[%emt 0:01:00]} Re8 {[%emt 0:02:10]} 31. Qf4 {[%emt 0:03:41]} Rge5 {[%emt 0:00:57]} 32. Rf1 {[%emt 0:00:06]} Qd8 {[%emt 0:01:35]} 33. Qh6 {[%emt 0:05:22]} R5e7 {[%emt 0:01:30]} 34. Nd5 {[%emt 0:00:57]} Bxd5 {[%emt 0:00:31]} 35. cxd5 {[%emt 0:00:00]} Re2+ {[%emt 0:00:00]} 36. Kh1 {[%emt 0:00:38]} Qe7 {[%emt 0:01:55]} 37. Rf7 {[%emt 0:00:47]} Qxf7 {[%emt 0:01:16]} 38. Rxf7 {[%emt 0:00:05]} Kxf7 {[%emt 0:00:05]} 39. Qxh7+ {[%emt 0:00:03]} Kf6 {[%emt 0:00:12]} 40. h4 {[%emt 0:01:09]} Ke5 {[%emt 0:01:36]} 41. Qf7 {[%emt 0:00:33]} Kd4 {[%emt 0:00:22]} 42. Qf4+ {[%emt 0:00:50]} Kd3 {[%emt 0:00:48]} 43. Kg1 {[%emt 0:00:38]} Re1+ {[%emt 0:00:27]} 44. Kg2 {[%emt 0:00:16]} R8e2+ {[%emt 0:00:06]} 45. Kg3 {[%emt 0:00:14]} Re3+ {[%emt 0:00:17]} 46. Kf2 {[%emt 0:00:47]} R1e2+ {[%emt 0:00:19]} 47. Kf1 {[%emt 0:00:13]} Re4 {[%emt 0:01:20]} 48. Qxd6 {[%emt 0:00:17]} Rxg4 {[%emt 0:00:17]} 49. Qb6 {[%emt 0:01:14]} Rf4+ {[%emt 0:00:47]} 50. Kg1 {[%emt 0:00:05]} Rg4+ {[%emt 0:00:03]} 51. Kf1 {[%emt 0:00:10]} Ree4 {[%emt 0:00:11]} 52. d6 {[%emt 0:00:51]} Ref4+ {[%emt 0:00:25]} 53. Ke1 {[%emt 0:00:03]} Rg2 {[%emt 0:00:16]} 0-1

[Event "7th Iberoamerican-ch 2019"]
[Site "Linares"]
[Date "2019.08.11"]
[Round "2.7"]
[White "Henriquez Villagra, Cristobal"]
[Black "Merario Alarcon, Andres"]
[Result "1-0"]
[WhiteElo "2560"]
[BlackElo "2400"]
[Annotator "ChessBase"]
[PlyCount "65"]
[EventDate "2019.08.10"]
[EventType "swiss"]
[EventCountry "ESP"]
[SourceTitle "playchess.com"]
[Source "ChessBase"]
[SourceQuality "1"]
[TimeControl "5400+30"]

1. e4 {[%emt 0:04:10]} e5 {[%emt 0:00:00]} 2. Nf3 {[%emt 0:00:09]} Nc6 {[%emt 0:00:00]} 3. Bc4 {[%emt 0:00:04]} Nf6 {[%emt 0:00:11]} 4. d3 {[%emt 0:00:04]} Bc5 {[%emt 0:00:17]} 5. O-O {[%emt 0:00:09]} d6 {[%emt 0:00:09]} 6. c3 {[%emt 0:00:24]} h6 {[%emt 0:00:32]} 7. Re1 {[%emt 0:03:59]} O-O {[%emt 0:00:18]} 8. Nbd2 {[%emt 0:00:37]} a5 {[%emt 0:00:18]} 9. Nf1 {[%emt 0:00:36]} a4 {[%emt 0:00:22]} 10. Ng3 {[%emt 0:12:11]} Bd7 {[%emt 0:00:35]} 11. d4 {[%emt 0:03:19]} Bb6 {[%emt 0:08:43]} 12. h3 {[%emt 0:05:46]} Re8 {[%emt 0:05:57]} 13. dxe5 {[%emt 0:14:08]} Nxe5 {[%emt 0:03:33]} 14. Nxe5 {[%emt 0:00:29]} Rxe5 {[%emt 0:06:00]} 15. Bf4 {[%emt 0:03:12]} Re8 {[%emt 0:00:29]} 16. Qd3 {[%emt 0:08:52]} Bc6 {[%emt 0:08:13]} 17. Rad1 {[%emt 0:03:31]} Ra5 {[%emt 0:20:46]} 18. a3 {[%emt 0:15:45]} Nd7 {[%emt 0:05:50]} 19. Nf5 {[%emt 0:02:59]} Qf6 {[%emt 0:02:07]} 20. Qg3 {[%emt 0:13:38]} Kh8 {[%emt 0:02:25]} 21. Bd3 {[%emt 0:00:50]} Nc5 {[%emt 0:09:04]} 22. Nd4 {[%emt 0:05:31]} Nxd3 {[%emt 0:04:40]} 23. Rxd3 {[%emt 0:00:02]} Rxe4 {[%emt 0:01:51]} 24. Rxe4 {[%emt 0:00:02]} Bxe4 {[%emt 0:00:02]} 25. Re3 {[%emt 0:00:35]} Bg6 {[%emt 0:02:13]} 26. Re8+ {[%emt 0:00:45]} Kh7 {[%emt 0:00:02]} 27. Be3 {[%emt 0:00:59]} c5 {[%emt 0:12:03]} 28. Nf3 {[%emt 0:00:07]} Bf5 {[%emt 0:01:38]} 29. Ng5+ {[%emt 0:00:43]} hxg5 {[%emt 0:01:40]} 30. Bxg5 {[%emt 0:00:02]} Qe5 {[%emt 0:02:02]} 31. Rxe5 {[%emt 0:00:05]} dxe5 {[%emt 0:00:02]} 32. Qh4+ {[%emt 0:00:10]} Kg8 {[%emt 0:01:49]} 33. Bd8 {[%emt 0:00:05]} 1-0

[Event "7th Iberoamerican-ch 2019"]
[Site "Linares"]
[Date "2019.08.11"]
[Round "2.8"]
[White "Valenzuela Gomez, Fernando"]
[Black "Cruz, Cristhian"]
[Result "0-1"]
[WhiteElo "2394"]
[BlackElo "2562"]
[Annotator "ChessBase"]
[PlyCount "114"]
[EventDate "2019.08.10"]
[EventType "swiss"]
[EventCountry "ESP"]
[SourceTitle "playchess.com"]
[Source "ChessBase"]
[SourceQuality "1"]
[TimeControl "5400+30"]

1. d4 {[%emt 0:00:00]} Nf6 {[%emt 0:00:00]} 2. c4 {[%emt 0:00:00]} e6 {[%emt 0:00:00]} 3. Nc3 {[%emt 0:00:00]} Bb4 {[%emt 0:00:17]} 4. Nf3 {[%emt 0:00:16]} b6 {[%emt 0:00:23]} 5. Bd2 {[%emt 0:00:08]} Bb7 {[%emt 0:00:18]} 6. e3 {[%emt 0:00:08]} O-O {[%emt 0:00:57]} 7. Bd3 {[%emt 0:00:13]} c5 {[%emt 0:01:55]} 8. O-O {[%emt 0:04:20]} d6 {[%emt 0:05:13]} 9. a3 {[%emt 0:03:03]} Bxc3 {[%emt 0:01:06]} 10. Bxc3 {[%emt 0:00:09]} Nbd7 {[%emt 0:00:39]} 11. b4 {[%emt 0:00:17]} Re8 {[%emt 0:01:26]} 12. Nd2 {[%emt 0:00:16]} Rc8 {[%emt 0:01:52]} 13. bxc5 {[%emt 0:07:45]} dxc5 {[%emt 0:02:33]} 14. Bb2 {[%emt 0:08:40]} Qc7 {[%emt 0:22:18]} 15. f4 {[%emt 0:05:14]} cxd4 {[%emt 0:05:16]} 16. exd4 {[%emt 0:00:30]} Rcd8 {[%emt 0:03:45]} 17. Qe2 {[%emt 0:02:09]} Nf8 {[%emt 0:08:54]} 18. Qf2 {[%emt 0:14:23]} Ng6 {[%emt 0:00:43]} 19. Rae1 {[%emt 0:02:52]} Ng4 {[%emt 0:09:03]} 20. Qg3 {[%emt 0:00:59]} Nh6 {[%emt 0:00:06]} 21. Nf3 {[%emt 0:10:23]} Qxf4 {[%emt 0:04:43]} 22. Bxg6 {[%emt 0:01:44]} Qxg3 {[%emt 0:00:50]} 23. Bxf7+ {[%emt 0:03:13]} Nxf7 {[%emt 0:00:16]} 24. hxg3 {[%emt 0:00:07]} Ba6 {[%emt 0:01:05]} 25. Rf2 {[%emt 0:08:20]} Bxc4 {[%emt 0:01:17]} 26. Ne5 {[%emt 0:03:14]} Nd6 {[%emt 0:02:47]} 27. Rc1 {[%emt 0:01:06]} Rc8 {[%emt 0:01:21]} 28. g4 {[%emt 0:01:05]} h6 {[%emt 0:09:19]} 29. Re1 {[%emt 0:05:23]} Bd5 {[%emt 0:00:58]} 30. Ree2 {[%emt 0:04:52]} Rc7 {[%emt 0:03:32]} 31. a4 {[%emt 0:02:09]} Rec8 {[%emt 0:01:41]} 32. a5 {[%emt 0:02:01]} Ne4 {[%emt 0:05:07]} 33. axb6 {[%emt 0:02:10]} axb6 {[%emt 0:00:09]} 34. Rf4 {[%emt 0:00:30]} Rc2 {[%emt 0:02:11]} 35. Rxc2 {[%emt 0:00:42]} Rxc2 {[%emt 0:00:02]} 36. Ba3 {[%emt 0:00:42]} Ng3 {[%emt 0:01:30]} 37. Rf8+ {[%emt 0:01:03]} Kh7 {[%emt 0:00:07]} 38. Rf2 {[%emt 0:00:33]} Ne2+ {[%emt 0:00:23]} 39. Kf1 {[%emt 0:01:24]} Nxd4 {[%emt 0:01:05]} 40. Rxc2 {[%emt 0:00:05]} Nxc2 {[%emt 0:00:03]} 41. Bc1 {[%emt 0:00:08]} b5 {[%emt 0:00:35]} 42. g3 {[%emt 0:00:07]} Nd4 {[%emt 0:01:05]} 43. Kf2 {[%emt 0:00:20]} Nc6 {[%emt 0:00:28]} 44. Nxc6 {[%emt 0:00:58]} Bxc6 {[%emt 0:00:02]} 45. Bb2 {[%emt 0:02:20]} g5 {[%emt 0:01:45]} 46. Ke3 {[%emt 0:00:38]} Kg6 {[%emt 0:00:38]} 47. Bc3 {[%emt 0:00:37]} Bd5 {[%emt 0:00:24]} 48. Be5 {[%emt 0:01:05]} b4 {[%emt 0:00:19]} 49. Bd6 {[%emt 0:00:29]} b3 {[%emt 0:00:15]} 50. Be5 {[%emt 0:00:03]} Bg2 {[%emt 0:01:49]} 51. Kd3 {[%emt 0:02:10]} Bh3 {[%emt 0:00:36]} 52. Kc3 {[%emt 0:00:22]} Bxg4 {[%emt 0:00:04]} 53. Kxb3 {[%emt 0:00:07]} Kf5 {[%emt 0:00:53]} 54. Bb8 {[%emt 0:00:42]} Ke4 {[%emt 0:00:28]} 55. Kc3 {[%emt 0:00:18]} h5 {[%emt 0:00:36]} 56. Kd2 {[%emt 0:00:12]} Kf3 {[%emt 0:00:16]} 57. Ke1 {[%emt 0:00:15]} Kg2 {[%emt 0:00:24]} 0-1

[Event "7th Iberoamerican-ch 2019"]
[Site "Linares"]
[Date "2019.08.11"]
[Round "2.9"]
[White "Vega Gutierrez, Sabrina"]
[Black "Martinez Duany, Lelys Stanley"]
[Result "0-1"]
[WhiteElo "2385"]
[BlackElo "2535"]
[Annotator "ChessBase"]
[PlyCount "120"]
[EventDate "2019.08.10"]
[EventType "swiss"]
[EventCountry "ESP"]
[SourceTitle "playchess.com"]
[Source "ChessBase"]
[SourceQuality "1"]
[TimeControl "5400+30"]

1. e4 {[%emt 0:00:00]} e5 {[%emt 0:00:00]} 2. Nf3 {[%emt 0:00:00]} Nc6 {[%emt 0:00:00]} 3. Bb5 {[%emt 0:00:47]} a6 {[%emt 0:00:00]} 4. Ba4 {[%emt 0:00:09]} Nf6 {[%emt 0:00:03]} 5. O-O {[%emt 0:00:25]} Be7 {[%emt 0:00:14]} 6. Re1 {[%emt 0:00:19]} b5 {[%emt 0:00:32]} 7. Bb3 {[%emt 0:00:08]} d6 {[%emt 0:00:05]} 8. c3 {[%emt 0:00:24]} O-O {[%emt 0:01:56]} 9. h3 {[%emt 0:00:19]} Na5 {[%emt 0:00:53]} 10. Bc2 {[%emt 0:00:12]} c5 {[%emt 0:00:08]} 11. d4 {[%emt 0:00:50]} Qc7 {[%emt 0:02:41]} 12. Nbd2 {[%emt 0:01:10]} cxd4 {[%emt 0:01:54]} 13. cxd4 {[%emt 0:00:12]} Rd8 {[%emt 0:01:08]} 14. d5 {[%emt 0:10:34]} Bd7 {[%emt 0:00:20]} 15. Nf1 {[%emt 0:01:03]} Rdc8 {[%emt 0:00:46]} 16. Bd3 {[%emt 0:03:55]} Nb7 {[%emt 0:01:29]} 17. Be3 {[%emt 0:16:09]} Nc5 {[%emt 0:00:16]} 18. Rc1 {[%emt 0:01:39]} Qb8 {[%emt 0:00:48]} 19. Ng3 {[%emt 0:03:00]} Nxd3 {[%emt 0:00:14]} 20. Qxd3 {[%emt 0:00:57]} Qb7 {[%emt 0:00:17]} 21. b4 {[%emt 0:07:46]} Bd8 {[%emt 0:15:04]} 22. Qb1 {[%emt 0:05:17]} Bb6 {[%emt 0:05:19]} 23. Bxb6 {[%emt 0:02:57]} Qxb6 {[%emt 0:00:04]} 24. Rxc8+ {[%emt 0:02:55]} Rxc8 {[%emt 0:00:05]} 25. Rc1 {[%emt 0:00:05]} Rc7 {[%emt 0:01:57]} 26. Rc2 {[%emt 0:03:28]} a5 {[%emt 0:01:03]} 27. bxa5 {[%emt 0:06:58]} Qxa5 {[%emt 0:00:05]} 28. Rxc7 {[%emt 0:00:12]} Qxc7 {[%emt 0:00:06]} 29. Qb4 {[%emt 0:00:26]} h5 {[%emt 0:09:10]} 30. Nf1 {[%emt 0:08:43]} g6 {[%emt 0:01:43]} 31. Ne3 {[%emt 0:05:16]} Kg7 {[%emt 0:00:36]} 32. Kh2 {[%emt 0:00:34]} Be8 {[%emt 0:01:06]} 33. a3 {[%emt 0:02:31]} Bd7 {[%emt 0:03:13]} 34. Nd2 {[%emt 0:10:04]} Ne8 {[%emt 0:03:24]} 35. Nb3 {[%emt 0:02:35]} Qd8 {[%emt 0:03:59]} 36. Nc1 {[%emt 0:03:15]} h4 {[%emt 0:04:37]} 37. Nd3 {[%emt 0:00:03]} Qc7 {[%emt 0:00:23]} 38. Kg1 {[%emt 0:00:17]} Nf6 {[%emt 0:00:37]} 39. Kf1 {[%emt 0:01:10]} Nh5 {[%emt 0:01:07]} 40. Qd2 {[%emt 0:02:27]} Kg8 {[%emt 0:06:00]} 41. Qc1 {[%emt 0:00:35]} Qxc1+ {[%emt 0:01:57]} 42. Nxc1 {[%emt 0:00:02]} f5 {[%emt 0:00:11]} 43. exf5 {[%emt 0:00:55]} gxf5 {[%emt 0:00:06]} 44. Nd3 {[%emt 0:00:42]} Kf7 {[%emt 0:01:06]} 45. Nb4 {[%emt 0:00:32]} Kf6 {[%emt 0:00:40]} 46. Ke2 {[%emt 0:00:30]} Kg5 {[%emt 0:00:23]} 47. Nf1 {[%emt 0:00:31]} Nf4+ {[%emt 0:00:16]} 48. Kf3 {[%emt 0:00:29]} e4+ {[%emt 0:00:09]} 49. Ke3 {[%emt 0:00:01]} Nxg2+ {[%emt 0:00:09]} 50. Kd4 {[%emt 0:00:30]} Nf4 {[%emt 0:00:17]} 51. f3 {[%emt 0:00:39]} exf3 {[%emt 0:00:52]} 52. Ke3 {[%emt 0:00:02]} Nxh3 {[%emt 0:00:17]} 53. Kxf3 {[%emt 0:00:03]} Nf4 {[%emt 0:01:01]} 54. Ne3 {[%emt 0:01:03]} Ng6 {[%emt 0:00:11]} 55. Nec2 {[%emt 0:00:45]} Ne5+ {[%emt 0:00:11]} 56. Kg2 {[%emt 0:00:09]} f4 {[%emt 0:00:18]} 57. Nd4 {[%emt 0:00:04]} h3+ {[%emt 0:00:41]} 58. Kh2 {[%emt 0:01:12]} Kh4 {[%emt 0:00:14]} 59. Nbc2 {[%emt 0:01:03]} f3 {[%emt 0:01:29]} 60. Ne3 {[%emt 0:00:20]} Ng4+ {[%emt 0:00:34]} 0-1